|
|
|
|
| LEADER |
01028nab#a2200325#ar4500 |
| 001 |
000072889 |
| 003 |
SVKKK |
| 005 |
20070605094310.0 |
| 008 |
060725c xo e huno |
| FMT |
|
|
|
| 038 |
|
|
|a SVKKK
|
| 040 |
|
|
|a SVKKK
|b slo
|e AACR2
|
| 041 |
0 |
|
|a hun
|
| 044 |
|
|
|a xo
|c SK
|
| 080 |
|
|
|a 81`373.21
|2 1997
|
| 100 |
0 |
|
|a Muhoray [= Dudás, Július],
|d 1861-1911
|4 aut
|
| 242 |
1 |
0 |
|a Miestopisný názov "Stropkov"
|
| 245 |
1 |
0 |
|a A "Sztropkó" helynévről
|c Muhoray [= Dudás, Július]
|
| 500 |
|
|
|a mikrofilm
|
| 520 |
2 |
|
|a Výklad terminologický. Miestopisné heslo Stropkov. Odozva na článok Eduarda Unghváryho uverejnený v týždenníku Felvidéki Hirlap č.19/1908
|
| 650 |
0 |
4 |
|a terminolológia miestopisná
|x výklady
|y Stropkov (Slovensko)
|y 1908
|
| 773 |
0 |
|
|t Felvidéki Hirlap : Közgazdasági, társadalmi és szépirodalmi hetilap
|g Roč. 1, č. 20 (26.07.1908) s. 2
|
| 957 |
|
|
|a 702
|
| 957 |
|
|
|a 711
|
| 958 |
|
|
|a DG
|
| 958 |
|
|
|a SK
|
| 974 |
|
|
|a Ba
|
| 992 |
|
|
|a RBX
|
| BAS |
|
|
|
| 998 |
|
|
|a RETRO
|